书目信息 |
| 题名: |
那些年,我们一起追的球星
|
|
| 作者: | 朱晓雨 主编 ;天下足球 著 | |
| 分册: | Ⅱ | |
| 出版信息: | 武汉 长江文艺出版社 2017.01 |
|
| 页数: | 296页 | |
| 开本: | 24cm | |
| 丛书名: | ||
| 单 册: | ||
| 中图分类: | K815.47=6 | |
| 科图分类: | ||
| 主题词: | 足球运动--运动员--生平事迹--世界--现代 | |
| 电子资源: | ||
| ISBN: | 978-7-5354-7257-1 | |
| 000 | 00949nam0 2200265 450 | |
| 001 | 008245568 | |
| 005 | 20170911101146.48 | |
| 010 | @a978-7-5354-7257-1@dCNY82.00 | |
| 100 | @a20170110d2017 em y0chiy50 ea | |
| 101 | 0 | @achi |
| 102 | @aCN@b420000 | |
| 105 | @aaf z 000yd | |
| 106 | @ar | |
| 200 | 1 | @a那些年,我们一起追的球星@9na xie nian , wo men yi qi zhui de qiu xing@hⅡ@e青春如梦,终极珍藏@f《天下足球》著 |
| 210 | @a武汉@c长江文艺出版社@d2017.01 | |
| 215 | @a296页@c图,照片@d24cm | |
| 314 | @a封面折页题:朱晓雨主编 | |
| 330 | @a本书记录了40位足球明星职业生涯的传奇故事。其中包内马尔、托马斯·穆勒、厄齐尔、法布雷加斯、苏亚雷斯、鲁尼、斯内德、罗本、拉姆等。 | |
| 333 | @a一般读者 | |
| 606 | 0 | @a足球运动@x运动员@x生平事迹@y世界@z现代 |
| 690 | @aK815.47=6@v5 | |
| 701 | 0 | @a朱晓雨@9zhu xiao yu@4主编 |
| 712 | 02 | @a天下足球@9tian xia zu qiu@4著 |
| 801 | 0 | @aCN@b人天书店@c20170110 |
| 905 | @b1069150-55@dK815.47=6@e149:2@f6 | |
| 那些年,我们一起追的球星.Ⅱ:青春如梦,终极珍藏/《天下足球》著.-武汉:长江文艺出版社,2017.01 |
| 296页:图,照片;24cm |
| 使用对象:一般读者 |
| ISBN 978-7-5354-7257-1:CNY82.00 |
| 本书记录了40位足球明星职业生涯的传奇故事。其中包内马尔、托马斯·穆勒、厄齐尔、法布雷加斯、苏亚雷斯、鲁尼、斯内德、罗本、拉姆等。 |
| ● |
| 相关链接 |
|
|
|
|
正题名:那些年,我们一起追的球星
索取号:K815.47=6/149:2
 
预约/预借
| 序号 | 登录号 | 条形码 | 馆藏地/架位号 | 状态 | 备注 |
| 1 | 1069150 | 210691508 | 第二样本阅览室/ [索取号:K815.47=6/149:2] | 在馆 | |
| 2 | 1069151 | 210691517 | 第二借阅区/ [索取号:K815.47=6/149:2] | 在馆 | |
| 3 | 1069152 | 210691526 | 第二借阅区/ [索取号:K815.47=6/149:2] | 在馆 | |
| 4 | 1069153 | 210691535 | 第二借阅区/ [索取号:K815.47=6/149:2] | 在馆 | |
| 5 | 1069154 | 210691544 | 第二借阅区/ [索取号:K815.47=6/149:2] | 在馆 | |
| 6 | 1069155 | 210691553 | 密集书库-史法系/ [索取号:K815.47=6/149:2] | 在馆 |